| 000 | 00633nam a2200145Ia 4500 | ||
|---|---|---|---|
| 008 | 170221s9999 xx 000 0 und d | ||
| 100 | _aNur Fadiah Binti Mohd Zawawi | ||
| 245 | _aLogistics Capability, Information Technology, and Innovation Capability of Logistics Service Providers: Empirical Evidence from East Coast Malaysia | ||
| 245 | _cNur Fadiah Binti Mohd Zawawi, Sazali Abdul Wahab, Abdullah Al Mamun, Ghazali Bin Ahmad, Syed Ali Fazal | ||
| 260 | _bInternational Review of Management and Marketing | ||
| 260 | _c2014 | ||
| 300 | _a2 : 1 | ||
| 650 | _xMarketing. | ||
| 856 | _uhttp://www.econjournals.com/index.php/irmm | ||
| 999 |
_c313734 _d313734 |
||